Subdivision methods for geometric design : a constructive approach /

Guardado en:
Autor Principal: Warren, Joseph D.
Otros Autores: Weimer, Henrik.
Formato: Libro
Idioma:English
Publicado: San Francisco : Morgan Kaufmann Publishers, c2002.
Series:Morgan Kaufmann series in computer graphics and geometric modeling
Materias:
Acceso en línea:Publisher description
Etiquetas: Agregar Etiqueta
Sin Etiquetas, Sea el primero en etiquetar este registro!
LEADER 01416cam a22002774a 4500
001 MAT.inmabb004066
008 010731s2002####caua#####b####001#0#eng##
005 20170524130841.0
245 1 0 |a Subdivision methods for geometric design :  |b a constructive approach /  |c Joe Warren, Henrik Weimer. 
260 |a San Francisco :  |b Morgan Kaufmann Publishers,  |c c2002. 
300 |a xvi, 299 p. :  |b il. ;  |c 24 cm. 
440 0 |a Morgan Kaufmann series in computer graphics and geometric modeling 
504 |a Incluye referencias bibliográficas e índice. 
505 0 |a 1 Subdivision: Functions as Fractals -- 2 An Integral Approach to Uniform Subdivision -- 3 Convergence Analysis for Uniform Subdivision Schemes -- 4 A Differential Approach to Uniform Subdivision -- 5 Local Approximation of Global Differential Schemes -- 6 Variational Schemes for Bounded Domains -- 7 Averaging Schemes for Polyhedral Meshes -- 8 Spectral Analysis at an Extraordinary Vertex. 
020 |a 1558604464 
100 1 |a Warren, Joseph D. 
700 1 |a Weimer, Henrik. 
650 0 |a Computer graphics. 
650 0 |a Computer-aided design. 
650 0 |a Computer animation. 
650 0 |a Topology. 
084 |a 65D15 (65D05 65D18 68U05 68U07 68U10)  |2 MR 
010 |a  2001094349 
040 |a DLC  |c DLC  |d DLC 
856 4 2 |3 Publisher description  |u http://www.loc.gov/catdir/description/els031/2001094349.html 
859 |h 65  |i W286  |p A-8311  |b BIB. MATEMATICA